000 00324nam a22001217a 4500
008 230602b xxu||||| |||| 00| 0 eng d
082 _a302.23
_bOCH
100 _cFRANCIS W.OCHOLA
245 _aAspects of mass communication and Journalism Research on Africa
260 _akenya, East Africa
300 _a103p
942 _2ddc
_cBK
999 _c86
_d86